000
00307nam a22001337a 4500
008
171023b xxu||||| |||| 00| 0 eng d
020
_a
0835925765
041
_a
eng
080
_2
2ND
_a
338
100
_a
54
101
_a
MEN
245
_a
GREENHOUSE OPERATION AND MANAGEMENT
_c
NELSON,P.V
942
_2
udc
_c
BK
999
_c
35455
_d
35455